Grappling with Guatemala 's Horror /
Salvato in:
| Autore principale: | |
|---|---|
| Natura: | testo |
| Soggetti: | |
| Tags: |
Aggiungi Tag
Nessun Tag, puoi essere il primo ad aggiungerne!!
|
MARC
| LEADER | 00000 a a2200000 04500 | ||
|---|---|---|---|
| 001 | 43095 | ||
| 003 | |||
| 040 | |||
| 100 | |a Gleijeses, Piero | ||
| 245 | |a Grappling with Guatemala 's Horror / |c Piero Gleijeses | ||
| 650 | |a GUERRILLEROS | ||
| 650 | |a CONFLICTOS POLITICOS | ||
| 650 | |a CRISIS POLITICA | ||
| 650 | |a GUATEMALA | ||
| 773 | |g volumen32, número1 (1997), páginas 226-235 | ||
| 999 | |c 25030 |d 25030 | ||
